Odd Facts About Presidents - Statistics

General Stats
  • This quiz has been taken 1,023 times
  • The average score is 7 of 10
Answer Stats
Hint Answer % Correct
He was gifted 50 pairs of boxer briefs by David Beckham Barack Obama
95%
He was offered a role in Back to the Future III Ronald Reagan
88%
A Nintendo video game was made about his cat Bill Clinton
86%
He had a lock of Abe Lincoln's hair (not including lincoln himself) Theodore Roosevelt
80%
This president made his own children's book titled The Little Baby Snoogle-Fleejer Jimmy Carter
69%
This president was the first to host a prom Gerald Ford
66%
The bowling alley in the white house was a present for this president Harry Truman
64%
He created his own sport that was a combination of tennis, volleyball, and dodgeball Herbert Hoover
56%
His dog was named Satan John Adams
54%
Before becoming president he was a hangman for Erie County Grover Cleveland
43%
No matching quizzes found
Score Distribution
Percent of People with Each Score
Percentile by Number Answered
Your Score History
You have not taken this quiz